书目信息 |
| 题名: |
坚持四项基本原则问答
|
|
| 作者: | ;中共河北省委宣传部理论研究室 编 | |
| 分册: | ||
| 出版信息: | 石家庄 河北人民出版社 1979.09 |
|
| 页数: | 72页 | |
| 开本: | 20cm | |
| 丛书名: | ||
| 单 册: | ||
| 中图分类: | D25 | |
| 科图分类: | ||
| 主题词: | 中国共产党 | |
| 电子资源: | ||
| ISBN: | ||
| 000 | 00649nam0 2200205 45 | |
| 001 | 0209241044 | |
| 005 | 20031219104115.3 | |
| 010 | @dCNY0.18 | |
| 091 | @a3086.838 | |
| 100 | @a20020924d1979 km y0chiy0120 ea | |
| 101 | 0 | @achi |
| 105 | @a z 000yy | |
| 200 | 1 | @a坚持四项基本原则问答@AJian Chi Si Xiang Ji Ben Yuan Ze Wen Da@f中共河北省委宣传部理论研究室编@FZhong Gong He Bei Sheng Wei Xuan Chuan Bu Li Lun Yan Jiu Shi Bian |
| 210 | @a石家庄@c河北人民出版社@d1979.09 | |
| 215 | @a72页@d20cm | |
| 606 | 0 | @a中国共产党 |
| 690 | @aD25@v3 | |
| 711 | 02 | @a中共河北省委宣传部理论研究室@4编 |
| 801 | @aCN@bTSTC@c20020924 | |
| 905 | @f1@b19405@dD25@e2 | |
| 坚持四项基本原则问答/中共河北省委宣传部理论研究室编.-石家庄:河北人民出版社,1979.09 |
| 72页;20cm |
| ISBN :CNY0.18 |
| ● |
| 相关链接 |
|
|
|
|
正题名:坚持四项基本原则问答
索取号:D25/2
 
预约/预借
| 序号 | 登录号 | 条形码 | 馆藏地/架位号 | 状态 | 备注 |
| 1 | 0019405 | 001838729 | 密集书库/ [索取号:D25/2] | 在馆 |